Využitie štrukturálnych fondov pri podpore vzdelávania v Slovenskej republike bakalárska práca

Saved in:
Bibliographic Details
Main Author: Trembová, Katarína
Corporate Author: Národohospodárska fakulta EU. Katedra financií
Other Authors: Vališová, Daša, 1982-
Format: Book
Language:Slovak
Published: Bratislava 2010
Tags: Add Tag
No Tags, Be the first to tag this record!

MARC

LEADER 00000nbm a2200000 4500
001 0133105
005 20161109111506.7
041 0 |a slo 
044 |a SK 
245 1 0 |a Využitie štrukturálnych fondov pri podpore vzdelávania v Slovenskej republike  |b bakalárska práca  |c Katarína Trembová ; školiteľ: Daša Vališová 
264 1 |a Bratislava  |c 2010 
300 |a 59 s. 
100 1 |a Trembová, Katarína 
700 1 |a Vališová, Daša, 1982- 
710 2 |a Národohospodárska fakulta EU. Katedra financií